| 000 | 01059nam a2200265Ia 4500 | ||
|---|---|---|---|
| 003 | OSt | ||
| 005 | 20221002045858.0 | ||
| 006 | a|||||r|||| 00| 0 | ||
| 007 | ta | ||
| 008 | 220930b |||||||| |||| 00| 0 hin d | ||
| 020 |
_a9788177144550 (hbk (Set)) _c7000 |
||
| 024 | _a9730 | ||
| 037 |
_b566, 06/03/2014, Swaraj Prakashan _cReference Collections |
||
| 040 |
_aCRL _cCRL _bhin |
||
| 041 |
_2hin _ahin |
||
| 082 | _aO152,1M89x, Q4.1-.7(RR) | ||
| 100 | _aजयशंकर प्रसाद | ||
| 245 | 0 | _aजयप्रकाश ग्रंथावली | |
| 260 |
_aनई _bदिल्ली प्रकाशन संस्थान _c2014 |
||
| 490 | _vखण्ड 1 | ||
| 650 | _aहिन्दी साहित्य | ||
| 700 | _a ओमप्रकाश सिंह, संपा. | ||
| 942 |
_hO152,1M89x, Q4.1-.7(RR) _cref _2CC |
||
| 999 |
_c913368 _d913368 |
||